| 000 | 00647nam a2200193 i 4500 | ||
|---|---|---|---|
| 001 | 71598 | ||
| 003 | ES-MaACL | ||
| 005 | 20230906171155.0 | ||
| 007 | t| | ||
| 008 | 040813s1918 xxk ||||1| spa d | ||
| 100 | 1 |
_aGeorge, David Lloyd. _956379 |
|
| 245 | 1 | 4 |
_aLos propósitos británicos en la guerra / _cdeclaración del Primer Ministro, David Lloyd George, hecha el 5 de enero de 1918. |
| 260 |
_aLondres : _bR. Clay & Sons, _c1918. |
||
| 300 |
_a16 p. ; _c21 cm. |
||
| 650 | 4 |
_aGuerra mundial, 1914-1918- _zGran Bretaña. _9141633 |
|
| 852 |
_aES-MaACL _j1996-F-6 _bR.33212 |
||
| 852 |
_aES-MaACL _j1576-F-23 |
||
| 852 |
_aES-MaACL _j1560-F-3 |
||
| 999 |
_c71598 _d71598 |
||